Communes françaises ? - Mort subite - Statistiques

Statistiques générales
  • Ce quiz a été pris 36 145 fois
  • Le résultat moyen est 5 sur 20
Answers on the Grid
Answers color-coded by a green-red scale on the quiz's grid according to % correct below.
Orly
Rungis
Évry-Courcouronnes
Saint-Tropez
Chamonix-Mont-Blanc
Le Mont-Saint-Michel
Lourdes
Saclay
Le Grau-du-Roi
La Grande-Motte
La Ciotat
Saint-Malo
Le Touquet-Paris-Plage
Le Puy-en-Velay
Vire Normandie
Cherbourg-en-Cotentin
Thiers
Chantilly
Cluny
Deauville
Rangueil
Vaux-le-Vicomte
Le Puy-du-Fou
Vichy-Célestins
Marne-la-Vallée
Superbagnères
Stalingrad-sur-Mer
Lauragais
Antigone
Sophia-Antipolis
Vaugirard
La Croix-Rousse
Montmartre
La Défense
Saint-Quentin-en-Yvelines
Juan-les-Pins
 
Statistiques - réponses
Réponse % Correct
Saint-Malo
36%
Saint-Tropez
36%
Lourdes
34%
Orly
33%
Deauville
32%
Chantilly
29%
La Ciotat
26%
Le Puy-en-Velay
25%
Rungis
23%
Évry-Courcouronnes
22%
Chamonix-Mont-Blanc
20%
La Grande-Motte
20%
Cherbourg-en-Cotentin
18%
Le Grau-du-Roi
18%
Thiers
16%
Le Touquet-Paris-Plage
15%
Le Mont-Saint-Michel
14%
Saclay
14%
Cluny
12%
Vire Normandie
7%
Aucun quiz correspondant
Distribution des résultats
% des personnes avec chaque résultat
Percentile par nombre de réponses
Votre historique - résultats
Vous n’avez pas pris ce quiz